[Event "Himmerlandsturneringen 2025 Basis1"]
[Site "Stovring"]
[Date "2025.04.28"]
[Round "1"]
[White "Christensen, Arne"]
[Black "Gottschalck, Christian"]
[Result "0-1"]
[WhiteElo "1792"]
[BlackElo "1828"]
[WhiteFideId "1454994"]
[BlackFideId "1428357"]
[EventDate "2025.04.28"]
[EventType "tourn"]
[EventRounds "7"]
[EventCountry "DEN"]
[SourceTitle "Skorping Skakklub"]

1. e4 Nf6 2. Nc3 e5 3. Nf3 Bb4 4. Nd5 Nxd5 5. exd5 O-O 6. Be2 d6 7. O-O Bf5 8. a4 Ba5 9. d4 e4 10. Nd2 c6 11. dxc6 Nxc6 12. Nc4 Bc7 13. Ne3 Bg6 14. f4 exf3 15. Bxf3 Rb8 16. Nd5 Ba5 17. c3 Qd7 18. Nf4 Ne7 19. b4 Bc7 20. Nxg6 hxg6 21. d5 a6 22. a5 Qb5 23. Be3 Nf5 24. Bf2 Rbe8 25. Re1 Rxe1+ 26. Qxe1 Re8 27. Qd2 Bd8 28. Rc1 Qc4 29. Rc2 Bf6 30. Be2 Qb3 31. Be1 Bg5 32. Qxg5 Qxc2 33. Bd2 Rxe2 34. Qd8+ Kh7 0-1

[Event "Himmerlandsturneringen 2025 Basis1"]
[Site "Stovring"]
[Date "2025.04.28"]
[Round "1"]
[White "Nielsen, Pia"]
[Black "Sogaard, Jakob"]
[Result "1-0"]
[WhiteElo "1644"]
[BlackElo "1777"]
[WhiteFideId "1409700"]
[BlackFideId "1453564"]
[EventDate "2025.04.28"]
[EventType "tourn"]
[EventRounds "7"]
[EventCountry "DEN"]
[SourceTitle "Skorping Skakklub"]

1. c4 e5 2. Nc3 Nf6 3. e4 c6 4. g3 d5 5. cxd5 cxd5 6. exd5 Nxd5 7. Bg2 Nf6 8. h3 Qc7 9. Nge2 Nc6 10. O-O Bd7 11. a3 a6 12. b4 b5 13. Bb2 Rd8 14. Rc1 Qb6 15. Kh2 Bf5 16. Bxc6+ Qxc6 17. Nb1 Qe6 18. Re1 Ng4+ 19. Kg1 Nxf2 20. Kxf2 Bxh3 21. Nf4 Qb6+ 22. d4 Be7 23. Nxh3 O-O 24. Rxe5 Qf6+ 25. Qf3 Qxf3+ 26. Kxf3 Bf6 27. Rec5 1-0

[Event "Himmerlandsturneringen 2025 Basis1"]
[Site "Stovring"]
[Date "2025.04.28"]
[Round "1"]
[White "Lytzen, Lars Erik"]
[Black "Stanislaus, Johann"]
[Result "0-1"]
[WhiteElo "1632"]
[BlackElo "1859"]
[WhiteFideId "1450549"]
[BlackFideId "1401971"]
[EventDate "2025.04.28"]
[EventType "tourn"]
[EventRounds "7"]
[EventCountry "DEN"]
[SourceTitle "Skorping Skakklub"]

1. e4 c5 2. Nc3 e5 3. Bc4 a6 4. a3 d6 5. h3 Nf6 6. d3 Be7 7. Nge2 O-O 8. O-O Be6 9. Bxe6 fxe6 10. f4 b5 11. fxe5 dxe5 12. Ng3 Nbd7 13. Bg5 Qb6 14. Kh1 Rad8 15. Qe2 h6 16. Be3 Kh7 17. Nh5 Qb8 18. Nxf6+ Nxf6 19. Rf2 a5 20. Raf1 b4 21. axb4 axb4 22. Nd1 c4 23. g4 cxd3 24. cxd3 Qb5 25. g5 Nxe4 26. g6+ Kg8 27. Rxf8+ Rxf8 28. Rxf8+ Bxf8 29. Qf3 Nd6 30. Nf2 Nf5 31. Bd2 Qe8 32. Qg4 h5 33. Qc4 Qxg6 34. Bxb4 Ne3 0-1

[Event "Himmerlandsturneringen 2025 Basis1"]
[Site "Stovring"]
[Date "2025.04.28"]
[Round "1"]
[White "Zhuravel, Denys"]
[Black "Mygind, Louise Malthe"]
[Result "0-1"]
[WhiteElo "1698"]
[BlackElo "1655"]
[WhiteFideId ""]
[BlackFideId "1470841"]
[EventDate "2025.04.28"]
[EventType "tourn"]
[EventRounds "7"]
[EventCountry "DEN"]
[SourceTitle "Skorping Skakklub"]

1. e4 c5 2. c4 Nc6 3. b3 e6 4. Bb2 d6 5. g3 e5 6. Nf3 f6 7. Nc3 Bg4 8. Be2 Bxf3 9. Bxf3 Nge7 10. Nd5 Nxd5 11. exd5 Ne7 12. O-O g6 13. Qc2 Nf5 14. Rae1 Bg7 15. Bg4 Nd4 16. Bxd4 cxd4 17. Be6 b6 18. d3 f5 19. b4 a5 20. Qa4+ Ke7 21. b5 h5 22. h4 Kf6 23. Qc2 Bh6 24. a4 Ra7 25. f3 Be3+ 26. Rxe3 dxe3 27. Qe2 f4 28. gxf4 exf4 29. Qh2 g5 30. Qh3 Kg6 31. Qf5+ Kg7 32. hxg5 Rf8 33. Qh3 Qxg5+ 34. Qg2 Kf6 35. Kh1 Qxg2+ 36. Kxg2 Rg7+ 37. Kh2 Rg3 38. d4 e2 39. Re1 Rxf3 40. Rxe2 Re3 41. Rf2 f3 42. Kg3 Kg5 43. c5 h4+ 44. Kh3 Re2 45. Rf1 f2 46. Kg2 bxc5 47. dxc5 dxc5 48. b6 c4 49. b7 c3 50. Bc8 Rb2 51. d6 c2 52. d7 h3+ 53. Kxh3 Rb1 54. d8=Q+ Rxd8 55. Rxf2 c1=Q 56. Rg2+ Kf4 57. Rg4+ Ke5 0-1

[Event "Himmerlandsturneringen 2025 Basis1"]
[Site "Stovring"]
[Date "2025.04.30"]
[Round "2"]
[White "Christensen, Arne"]
[Black "Nielsen, Pia"]
[Result "1-0"]
[WhiteElo "1792"]
[BlackElo "1644"]
[WhiteFideId "1454994"]
[BlackFideId "1409700"]
[EventDate "2025.04.28"]
[EventType "tourn"]
[EventRounds "7"]
[EventCountry "DEN"]
[SourceTitle "Skorping Skakklub"]

1. e4 c6 2. d4 d5 3. Nc3 dxe4 4. Nxe4 Bf5 5. Ng3 Bg6 6. h4 h6 7. Nf3 Nd7 8. Be3 Ngf6 9. Bc4 b5 10. Bb3 a5 11. a3 a4 12. Ba2 e6 13. h5 Bh7 14. c3 Nd5 15. Bxd5 cxd5 16. Bf4 Be7 17. Qe2 Ra5 18. Nd2 Qb6 19. Qe3 Bc2 20. f3 Bd6 21. Ne2 Bxf4 22. Nxf4 O-O 23. Kf2 Qd6 24. Rac1 Bh7 25. Rce1 Re8 26. b4 Raa8 27. Qe2 Rab8 28. Nd3 Bxd3 29. Qxd3 Rec8 30. g4 Qf4 31. Qe3 Qc7 32. Rc1 Qd8 33. f4 Rc6 34. g5 Rbc8 35. gxh6 Nf6 36. Rhg1 Nxh5 37. Rg5 g6 38. Qe5 Qf6 39. Rxh5 Qxe5 40. Rxe5 Rxc3 41. Rxc3 Rxc3 42. Nb1 Rc1 43. Re1 Rc2+ 44. Ke3 Kh7 45. Rh1 f5 46. Kd3 Rg2 47. Re1 Rg3+ 48. Re3 Rg4 49. Rxe6 Rxf4 50. Nc3 Kxh6 51. Nxd5 Rf3+ 52. Re3 Rf1 53. Nc3 g5 54. d5 f4 55. Re6+ Kh5 56. d6 f3 57. d7 f2 58. Rf6 g4 59. d8=Q g3 60. Qh8+ Kg4 61. Qg7+ Kh3 62. Rh6+ Kg2 63. Qb7+ Kg1 64. Ne2# 1-0

[Event "Himmerlandsturneringen 2025 Basis1"]
[Site "Stovring"]
[Date "2025.04.30"]
[Round "2"]
[White "Stanislaus, Johann"]
[Black "Zhuravel, Denys"]
[Result "1-0"]
[WhiteElo "1859"]
[BlackElo "1698"]
[WhiteFideId "1401971"]
[BlackFideId ""]
[EventDate "2025.04.28"]
[EventType "tourn"]
[EventRounds "7"]
[EventCountry "DEN"]
[SourceTitle "Skorping Skakklub"]

1. d4 d5 2. Nf3 Bf5 3. c4 c6 4. Nc3 e6 5. cxd5 cxd5 6. Qb3 b6 7. Bf4 Nd7 8. Nb5 a6 9. Nc7+ Ke7 10. Nxa8 Qxa8 11. Rc1 f6 12. Rc7 b5 13. Qa3+ Kd8 14. Qa5 e5 15. Ra7+ 1-0

[Event "Himmerlandsturneringen 2025 Basis1"]
[Site "Stovring"]
[Date "2025.04.30"]
[Round "2"]
[White "Gottschalck, Christian"]
[Black "Mygind, Louise Malthe"]
[Result "1/2-1/2"]
[WhiteElo "1828"]
[BlackElo "1655"]
[WhiteFideId "1428357"]
[BlackFideId "1470841"]
[EventDate "2025.04.28"]
[EventType "tourn"]
[EventRounds "7"]
[EventCountry "DEN"]
[SourceTitle "Skorping Skakklub"]

1. e4 e5 2. Nf3 Bd6 3. Bc4 h6 4. Nc3 Nf6 5. O-O b6 6. d3 Nc6 7. Ne2 Bb7 8. a3 Qe7 9. c3 Na5 10. Ba2 c5 11. b4 Nc6 12. Ng3 g6 13. Re1 Kf8 14. Bb2 Nh7 15. d4 exd4 16. e5 Bxe5 17. Nxe5 Nxe5 18. cxd4 cxd4 19. f4 d6 20. Qxd4 f6 21. fxe5 dxe5 22. Qf2 e4 23. Nxe4 Bxe4 24. Bd5 Rd8 25. Bxe4 Kg7 26. Bxg6 Qd6 27. Bxh7 Rxh7 28. Qg3+ Qxg3 29. hxg3 Kg6 30. Re6 Rf7 31. Rf1 Rdf8 32. Rfe1 Kg5 33. Re7 h5 34. Rxf7 Rxf7 35. Bc1+ Kg4 36. Re4+ Kf5 37. Rh4 Kg6 38. g4 hxg4 39. Rxg4+ Kf5 40. Rf4+ Ke5 41. g4 f5 42. Kf2 Ke6 43. Be3 fxg4 44. Rxf7 Kxf7 45. a4 Ke6 46. a5 bxa5 47. bxa5 a6 48. Kg3 Kf5 49. Bf4 Ke4 50. Kxg4 Kd5 51. Bc7 Ke6 52. Kg5 Kd7 53. Bb6 Ke6 54. Kg6 Ke7 55. Kf5 Kd6 56. Kf6 Kc6 57. Ke6 Kb7 58. Kd7 Ka8 59. Kc6 Kb8 60. Bc5 Ka8 61. Kb6 Kb8 62. Kxa6 Ka8 63. Kb6 Kb8 64. Kc6 Ka8 65. a6 Kb8 66. Kb6 Ka8 1/2-1/2

[Event "Himmerlandsturneringen 2025 Basis1"]
[Site "Stovring"]
[Date "2025.05.05"]
[Round "3"]
[White "Lytzen, Lars Erik"]
[Black "Christensen, Arne"]
[Result "0-1"]
[WhiteElo "1632"]
[BlackElo "1792"]
[WhiteFideId "1450549"]
[BlackFideId "1454994"]
[EventDate "2025.04.28"]
[EventType "tourn"]
[EventRounds "7"]
[EventCountry "DEN"]
[SourceTitle "Skorping Skakklub"]

1. d4 f5 2. c4 Nf6 3. Nc3 g6 4. Bf4 Bg7 5. Nf3 O-O 6. e3 d6 7. Be2 Nc6 8. h3 e6 9. Qb3 Re8 10. O-O Kh8 11. a3 b6 12. Bg5 e5 13. Rad1 e4 14. Ne1 a5 15. d5 Ne5 16. Nc2 Bd7 17. Nd4 h6 18. Bf4 g5 19. Bxe5 Rxe5 20. Nc6 Qc8 21. Nb5 h5 22. Qc3 Bxc6 23. dxc6 g4 24. h4 f4 25. f3 gxf3 26. gxf3 Qh3 27. Qe1 Rg8 0-1

[Event "Himmerlandsturneringen 2025 Basis1"]
[Site "Stovring"]
[Date "2025.05.05"]
[Round "3"]
[White "Nielsen, Pia"]
[Black "Gottschalck, Christian"]
[Result "0-1"]
[WhiteElo "1644"]
[BlackElo "1828"]
[WhiteFideId "1409700"]
[BlackFideId "1428357"]
[EventDate "2025.04.28"]
[EventType "tourn"]
[EventRounds "7"]
[EventCountry "DEN"]
[SourceTitle "Skorping Skakklub"]

1. d4 d5 2. c3 Nf6 3. Nf3 e6 4. Bg5 Be7 5. e3 Nbd7 6. c4 dxc4 7. Bxc4 Nb6 8. Bd3 Nfd5 9. Bxe7 Qxe7 10. O-O O-O 11. Nc3 f6 12. a3 a5 13. Qd2 c6 14. Rfc1 e5 15. Nxd5 Nxd5 16. Bc4 e4 17. Ne1 Be6 18. Rab1 Nc7 19. Bxe6+ Qxe6 20. Qc2 Nd5 21. Qc4 f5 22. b4 axb4 23. axb4 Ra4 24. g3 Rfa8 25. Ng2 g5 26. h4 h6 27. hxg5 hxg5 28. Ne1 Kg7 29. Nc2 f4 30. gxf4 Qg4+ 31. Kf1 Rh8 32. Ke1 Rh1+ 33. Kd2 Rh2 34. Rf1 Qf3 35. Rbe1 gxf4 36. Qe2 fxe3+ 37. Kc1 exf2 38. Rxf2 Qxf2 39. Qg4+ Kf6 40. Qxe4 Qd2+ 41. Kb1 Nc3+ 42. Kb2 Nxe4 43. Rxe4 Qxc2# 0-1

[Event "Himmerlandsturneringen 2025 Basis1"]
[Site "Stovring"]
[Date "2025.05.05"]
[Round "3"]
[White "Zhuravel, Denys"]
[Black "Sogaard, Jakob"]
[Result "1/2-1/2"]
[WhiteElo "1698"]
[BlackElo "1777"]
[WhiteFideId ""]
[BlackFideId "1453564"]
[EventDate "2025.04.28"]
[EventType "tourn"]
[EventRounds "7"]
[EventCountry "DEN"]
[SourceTitle "Skorping Skakklub"]

1. e4 e5 2. Nf3 Nf6 3. Nxe5 Qe7 4. Nf3 Qxe4+ 5. Be2 Bc5 6. O-O O-O 7. d3 Qf5 8. Nbd2 d5 9. b3 Nc6 10. Bb2 d4 11. a3 Qg6 12. Re1 Bg4 13. Bf1 Rfe8 14. b4 Bd6 15. b5 Ne5 16. Bxd4 Nxf3+ 17. Nxf3 Qh5 18. Rxe8+ Rxe8 19. h3 Bxf3 20. Qxf3 Qxf3 21. gxf3 Nd5 22. Bxa7 b6 23. c4 Nf4 24. a4 Ra8 25. Re1 Ne6 26. Bxb6 cxb6 27. Ra1 Nc5 28. a5 Rxa5 29. Rxa5 bxa5 30. d4 Ne6 31. c5 Nxc5 32. dxc5 Bxc5 33. Bc4 Kf8 34. Kf1 f5 35. Ke2 Ke7 36. f4 h6 37. f3 g5 38. fxg5 hxg5 39. Kd3 Kd6 40. Kc3 a4 41. Kb2 Ke5 42. Bd3 Kf4 43. Bc2 a3+ 44. Ka2 1/2-1/2

[Event "Himmerlandsturneringen 2025 Basis1"]
[Site "Stovring"]
[Date "2025.05.05"]
[Round "3"]
[White "Mygind, Louise Malthe"]
[Black "Stanislaus, Johann"]
[Result "0-1"]
[WhiteElo "1655"]
[BlackElo "1859"]
[WhiteFideId "1470841"]
[BlackFideId "1401971"]
[EventDate "2025.04.28"]
[EventType "tourn"]
[EventRounds "7"]
[EventCountry "DEN"]
[SourceTitle "Skorping Skakklub"]

1. Nf3 d5 2. d4 Nf6 3. e3 e6 4. c4 c6 5. Nc3 Nbd7 6. a3 Be7 7. b4 a5 8. b5 c5 9. Bd3 O-O 10. h4 dxc4 11. Bxc4 Nb6 12. Bd3 c4 13. Bb1 Nbd5 14. Bd2 h6 15. Qc2 g6 16. Ne5 Qe8 17. e4 Nxc3 18. Qxc3 Kh7 19. h5 Nxh5 20. g4 f6 21. Nxc4 f5 22. exf5 exf5 23. gxh5 g5 24. Kd1 Bf6 25. Ne5 Rg8 26. Ng4 Bg7 27. Qc7 Kh8 28. Ne5 Be6 29. Ng6+ Kh7 30. Ba2 Bxa2 31. Rxa2 Qe4 32. Re1 Qf3+ 33. Re2 Qh1+ 34. Re1 Qxh5+ 35. Re2 Qxg6 36. Qxb7 Qh5 37. Bc1 Rgd8 38. Rad2 Qh3 39. f3 Rab8 40. Qc6 Rbc8 41. Qb6 Qf1+ 42. Re1 Rxc1+ 43. Kxc1 Qxe1+ 44. Rd1 Rc8+ 45. Kb2 Qxd1 46. Qxa5 Bxd4+ 47. Ka2 Qc2# 0-1

[Event "Himmerlandsturneringen 2025 Basis1"]
[Site "Stovring"]
[Date "2025.05.12"]
[Round "4"]
[White "Christensen, Arne"]
[Black "Zhuravel, Denys"]
[Result "1-0"]
[WhiteElo "1792"]
[BlackElo "1698"]
[WhiteFideId "1454994"]
[BlackFideId ""]
[EventDate "2025.04.28"]
[EventType "tourn"]
[EventRounds "7"]
[EventCountry "DEN"]
[SourceTitle "Skorping Skakklub"]

1. e4 c6 2. d4 d5 3. e5 Bf5 4. h4 h5 5. Bd3 Bxd3 6. Qxd3 g6 7. Ne2 Nd7 8. O-O e6 9. g3 a6 10. c3 c5 11. b3 cxd4 12. cxd4 Rc8 13. Nd2 Ne7 14. Nf3 Nf5 15. Bd2 Be7 16. Kg2 O-O 17. Ng5 Re8 18. Nh3 Nf8 19. Nef4 Nh7 20. Rh1 Qb6 21. Be3 Nxe3+ 22. fxe3 Bf8 23. Nxg6 fxg6 24. Qxg6+ Kh8 25. Ng5 Re7 26. Nf7+ Rxf7 27. Qxf7 Rc7 28. Qxh5 Rg7 29. Rhf1 Kg8 30. Rf2 Qc7 31. Raf1 Qe7 32. g4 b5 33. g5 Rxg5+ 34. hxg5 1-0

[Event "Himmerlandsturneringen 2025 Basis1"]
[Site "Stovring"]
[Date "2025.05.12"]
[Round "4"]
[White "Sogaard, Jakob"]
[Black "Mygind, Louise Malthe"]
[Result "0-1"]
[WhiteElo "1777"]
[BlackElo "1655"]
[WhiteFideId "1453564"]
[BlackFideId "1470841"]
[EventDate "2025.04.28"]
[EventType "tourn"]
[EventRounds "7"]
[EventCountry "DEN"]
[SourceTitle "Skorping Skakklub"]

1. c4 e5 2. Nc3 Nf6 3. e4 b6 4. Nf3 d6 5. d4 Be7 6. dxe5 dxe5 7. Qxd8+ Bxd8 8. Nxe5 O-O 9. Bd3 Re8 10. Nf3 Nc6 11. O-O Bg4 12. Nd2 Nd7 13. h3 Bh5 14. f4 f6 15. Nf3 Nc5 16. Bb1 Be7 17. a3 Nb3 18. Ra2 Bc5+ 19. Kh2 Bf7 20. Nd5 Nxc1 21. Rxc1 Bd6 22. g3 Bh5 23. Nd2 Nd4 24. b4 c6 25. Nc3 h6 26. g4 Bxf4+ 27. Kg2 Bxd2 28. Rxd2 Nb3 29. Rcc2 Nxd2 30. Rxd2 Bf7 31. Rd6 Rac8 32. Rd7 Red8 33. Rxa7 Bxc4 0-1

[Event "Himmerlandsturneringen 2025 Basis1"]
[Site "Stovring"]
[Date "2025.05.12"]
[Round "4"]
[White "Gottschalck, Christian"]
[Black "Stanislaus, Johann"]
[Result "0-1"]
[WhiteElo "1828"]
[BlackElo "1859"]
[WhiteFideId "1428357"]
[BlackFideId "1401971"]
[EventDate "2025.04.28"]
[EventType "tourn"]
[EventRounds "7"]
[EventCountry "DEN"]
[SourceTitle "Skorping Skakklub"]

1. e4 c5 2. Nf3 d6 3. Bc4 Nf6 4. Nc3 a6 5. a4 e6 6. Qe2 Qc7 7. O-O Be7 8. h3 Nc6 9. d3 b6 10. Bf4 Ne5 11. Nxe5 dxe5 12. Bh2 g5 13. Nd1 h5 14. Ne3 Bb7 15. f3 O-O-O 16. c3 Bd6 17. Rfc1 Rdg8 18. g3 g4 19. h4 gxf3 20. Qxf3 Ng4 21. Rf1 Rh7 22. Nxg4 Rxg4 23. Rf2 Qe7 24. Rg2 f5 25. Re1 Rhg7 26. Ree2 f4 27. Ref2 Kc7 28. Kf1 Bc8 29. Ke1 Qd7 30. Bb3 b5 31. axb5 Qxb5 32. Bc4 Qa5 33. Kd2 Qb6 34. Kc1 Qa5 35. Kc2 Bd7 36. Rf1 Ba4+ 37. b3 Bd7 38. Kb2 Qb6 39. Ra1 a5 40. Ra3 Be7 41. Ka1 Bxh4 42. Raa2 Bxg3 43. Bxg3 Rxg3 44. Rxg3 Rxg3 45. Qxh5 a4 46. Qxe5+ Qd6 47. Qxd6+ Kxd6 48. bxa4 Rg1+ 49. Kb2 Rg2+ 50. Ka3 Rxa2+ 51. Kxa2 Bxa4 52. d4 e5 53. dxe5+ Kxe5 54. Bd3 f3 55. Kb2 Bc6 56. Kc1 Bxe4 57. Bf1 Kf4 58. Kd2 Bd5 59. Kd3 f2 60. c4 Be4+ 61. Kd2 Kg3 62. Ke3 Bg2 63. Bd3 f1=Q 64. Bxf1 Bxf1 65. Kd2 Bxc4 66. Kc3 Ba6 0-1

[Event "Himmerlandsturneringen 2025 Basis1"]
[Site "Stovring"]
[Date "2025.05.19"]
[Round "5"]
[White "Mygind, Louise Malthe"]
[Black "Christensen, Arne"]
[Result "1/2-1/2"]
[WhiteElo "1655"]
[BlackElo "1792"]
[WhiteFideId "1470841"]
[BlackFideId "1454994"]
[EventDate "2025.04.28"]
[EventType "tourn"]
[EventRounds "7"]
[EventCountry "DEN"]
[SourceTitle "Skorping Skakklub"]

1. e4 e5 2. Nf3 Nc6 3. d4 exd4 4. Nxd4 Bc5 5. Be3 Bb6 6. Nxc6 bxc6 7. Bc4 Qf6 8. Bxb6 cxb6 9. c3 Ne7 10. Nd2 O-O 11. Qf3 Qe5 12. O-O Ng6 13. Rfe1 b5 14. Bb3 Bb7 15. Rad1 a5 16. Qf5 Qc7 17. Nf3 d6 18. Qh5 Nf4 19. Qh4 d5 20. exd5 Nxd5 21. Bc2 h6 22. Nd4 Bc8 23. Rd3 Qd6 24. Rg3 Kh8 25. Nf5 Bxf5 26. Bxf5 Qf6 27. Qg4 Rae8 28. Rxe8 Rxe8 29. h3 Re1+ 30. Kh2 Re5 31. Bc2 g6 32. Rf3 Qd6 33. g3 h5 34. Qh4 Kg7 35. Qd4 c5 36. Qd2 Qe6 37. Bd1 c4 38. b3 Qc6 39. bxc4 bxc4 40. Qd4 f6 41. Qa7+ Qc7 42. Qxc7+ Nxc7 43. Re3 Rxe3 44. fxe3 Nb5 45. Be2 Nxc3 46. Bxc4 Kf8 47. Kg2 Ke7 48. Kf3 g5 49. h4 Kd6 50. e4 a4 51. Bf7 Ke5 52. hxg5 fxg5 53. Bxh5 Nxa2 54. Be8 a3 55. Bf7 Nc3 56. Bb3 a2 57. Bxa2 Nxa2 58. Kg4 1/2-1/2

[Event "Himmerlandsturneringen 2025 Basis1"]
[Site "Stovring"]
[Date "2025.05.19"]
[Round "5"]
[White "Lytzen, Lars Erik"]
[Black "Gottschalck, Christian"]
[Result "1/2-1/2"]
[WhiteElo "1632"]
[BlackElo "1828"]
[WhiteFideId "1450549"]
[BlackFideId "1428357"]
[EventDate "2025.04.28"]
[EventType "tourn"]
[EventRounds "7"]
[EventCountry "DEN"]
[SourceTitle "Skorping Skakklub"]

1. e4 d5 2. exd5 Nf6 3. Nc3 Nxd5 4. d3 Nc6 5. Bd2 e5 6. Nf3 Be7 7. g3 Be6 8. Bg2 O-O 9. O-O f6 10. Re1 Nxc3 11. Bxc3 Qd7 12. Qd2 Bd5 13. Rad1 Bc5 14. a3 a5 15. d4 exd4 16. Bxd4 Nxd4 17. Nxd4 Bxg2 18. Kxg2 Rad8 19. Nf3 Qxd2 20. Rxd2 Rxd2 21. Nxd2 Kf7 22. Nb3 Bb6 23. Rd1 Re8 24. Rd7+ Re7 25. Rxe7+ Kxe7 26. Kf1 Kd6 27. Ke2 Kd5 28. f4 c5 29. Nd2 a4 30. Kd3 Bc7 31. Nf3 c4+ 32. Ke3 Bb6+ 33. Ke2 Bc5 34. Nd2 b5 35. c3 h5 36. Kf3 f5 37. Ke2 g6 38. Kf3 Bg1 1/2-1/2

[Event "Himmerlandsturneringen 2025 Basis1"]
[Site "Stovring"]
[Date "2025.05.19"]
[Round "5"]
[White "Stanislaus, Johann"]
[Black "Sogaard, Jakob"]
[Result "1-0"]
[WhiteElo "1859"]
[BlackElo "1777"]
[WhiteFideId "1401971"]
[BlackFideId "1453564"]
[EventDate "2025.04.28"]
[EventType "tourn"]
[EventRounds "7"]
[EventCountry "DEN"]
[SourceTitle "Skorping Skakklub"]

1. d4 Nf6 2. c4 e6 3. Nc3 d5 4. Nf3 c5 5. cxd5 Nxd5 6. e4 Nc7 7. d5 exd5 8. exd5 Bg4 9. Qa4+ Bd7 10. Qb3 b6 11. Bf4 Bg4 12. Ne5 Qe7 13. d6 Qf6 14. dxc7 1-0

[Event "Himmerlandsturneringen 2025 Basis1"]
[Site "Stovring"]
[Date "2025.05.21"]
[Round "6"]
[White "Christensen, Arne"]
[Black "Stanislaus, Johann"]
[Result "0-1"]
[WhiteElo "1792"]
[BlackElo "1859"]
[WhiteFideId "1454994"]
[BlackFideId "1401971"]
[EventDate "2025.04.28"]
[EventType "tourn"]
[EventRounds "7"]
[EventCountry "DEN"]
[SourceTitle "Skorping Skakklub"]

1. e4 c5 2. Nf3 d6 3. Nc3 a6 4. a4 e6 5. d3 Nf6 6. Be2 Nc6 7. O-O b6 8. b3 Bb7 9. Bb2 Qc7 10. Re1 Be7 11. Bf1 Ne5 12. Nxe5 dxe5 13. g3 g5 14. f3 h5 15. h3 O-O-O 16. Qe2 Rdg8 17. Kh2 g4 18. h4 gxf3 19. Qxf3 Ng4+ 20. Kh3 f5 21. Be2 Rf8 22. Bd1 fxe4 0-1

[Event "Himmerlandsturneringen 2025 Basis1"]
[Site "Stovring"]
[Date "2025.05.21"]
[Round "6"]
[White "Nielsen, Pia"]
[Black "Mygind, Louise Malthe"]
[Result "1/2-1/2"]
[WhiteElo "1644"]
[BlackElo "1655"]
[WhiteFideId "1409700"]
[BlackFideId "1470841"]
[EventDate "2025.04.28"]
[EventType "tourn"]
[EventRounds "7"]
[EventCountry "DEN"]
[SourceTitle "Skorping Skakklub"]

1. c3 d5 2. d4 g6 3. Nf3 Bg7 4. Be3 Nd7 5. Qd2 h6 6. Na3 c6 7. Nc2 Nb6 8. b3 a5 9. a4 Bf5 10. Rc1 Nf6 11. h3 Ne4 12. Qd1 Nxc3 13. Qd2 Ne4 14. Qd1 h5 15. Na1 f6 16. Nh4 Qd7 17. Nxf5 Qxf5 18. g3 Nd6 19. Bg2 O-O 20. f3 e5 21. Nc2 Qe6 22. Qd2 g5 23. Kf2 Nf5 24. g4 Nxe3 25. Nxe3 h4 26. Nf5 Nd7 27. Bf1 Kh8 28. e3 b6 29. Bd3 e4 30. fxe4 dxe4 31. Bc4 Qe8 32. Bf1 Nb8 33. Bg2 Qe6 34. Rc3 Ra7 35. Rhc1 Rc8 36. Qc2 Rac7 37. Bxe4 Bf8 38. Qd3 Bb4 39. Rc4 Nd7 40. Kg2 c5 41. Kf2 Re8 42. Bg2 Rcc8 43. Bf1 Rcd8 44. Qb1 Bd2 45. Qd3 Bxc1 46. Rxc1 Ne5 47. Qa6 cxd4 48. Qb7 Rd7 49. Rc7 d3 50. Rxd7 Qxd7 51. Qxb6 Re6 52. Qb8+ Kh7 53. Nd4 Rd6 54. Qa8 d2 55. Qe4+ Kg8 56. Be2 Qc8 57. Bd1 Nc6 58. Qg6+ Kf8 59. Qh6+ Ke8 60. Qh8+ Kd7 61. Qh7+ Kd8 62. Qg8+ Kd7 63. Qf7+ Kd8 64. Qg8+ Kd7 65. Qf7+ 1/2-1/2

[Event "Himmerlandsturneringen 2025 Basis1"]
[Site "Stovring"]
[Date "2025.05.21"]
[Round "6"]
[White "Lytzen, Lars Erik"]
[Black "Zhuravel, Denys"]
[Result "1/2-1/2"]
[WhiteElo "1632"]
[BlackElo "1698"]
[WhiteFideId "1450549"]
[BlackFideId ""]
[EventDate "2025.04.28"]
[EventType "tourn"]
[EventRounds "7"]
[EventCountry "DEN"]
[SourceTitle "Skorping Skakklub"]

1. e4 e5 2. Nf3 Nc6 3. Bc4 Bc5 4. d3 d6 5. Nc3 Bg4 6. h3 Bh5 7. O-O Nd4 8. g4 Bg6 9. Nxd4 Bxd4 10. Ne2 Bc5 11. Be3 Bxe3 12. fxe3 Nf6 13. Nc3 a6 14. Qf3 O-O 15. Nd5 Nxd5 16. Bxd5 c6 17. Bb3 b5 18. Qg3 Ra7 19. Rf2 Kh8 20. Raf1 f6 21. Be6 Bf7 22. Bxf7 Raxf7 23. h4 Qe7 24. c3 c5 25. Qh3 Qe6 26. a3 h5 27. Rg2 hxg4 28. Rxg4 f5 29. Rg5 g6 30. Rf2 Kg7 31. Rfg2 Rf6 32. exf5 Rxf5 33. h5 Rf1+ 34. Kh2 Qxh3+ 35. Kxh3 Rh1+ 36. Kg4 Rxh5 37. Rxh5 gxh5+ 38. Kxh5+ Kh7 39. Rg6 Rf5+ 40. Rg5 Rf3 41. Rg6 Rf5+ 42. Rg5 Rf6 43. e4 a5 44. Rf5 Rh6+ 45. Kg4 Rg6+ 46. Kf3 Kg7 47. Ke3 Rg2 48. Rf2 Rxf2 49. Kxf2 Kf6 50. Ke3 Ke6 51. d4 c4 52. Kd2 a4 1/2-1/2

[Event "Himmerlandsturneringen 2025 Basis1"]
[Site "Stovring"]
[Date "2025.05.21"]
[Round "6"]
[White "Gottschalck, Christian"]
[Black "Sogaard, Jakob"]
[Result "1-0"]
[WhiteElo "1828"]
[BlackElo "1777"]
[WhiteFideId "1428357"]
[BlackFideId "1453564"]
[EventDate "2025.04.28"]
[EventType "tourn"]
[EventRounds "7"]
[EventCountry "DEN"]
[SourceTitle "Skorping Skakklub"]

1. e4 e5 2. Nf3 Nf6 3. d4 exd4 4. e5 Nd5 5. Qxd4 Nb6 6. Qe4 Bc5 7. Bg5 Be7 8. Be3 d5 9. exd6 Qxd6 10. c3 N8d7 11. Nbd2 Nf6 12. Qc2 Be6 13. h3 O-O-O 14. Nd4 a6 15. Nxe6 Qxe6 16. Be2 Nfd5 17. Bg4 1-0

[Event "Himmerlandsturneringen 2025 Basis1"]
[Site "Stovring"]
[Date "2025.05.26"]
[Round "7"]
[White "Sogaard, Jakob"]
[Black "Christensen, Arne"]
[Result "0-1"]
[WhiteElo "1777"]
[BlackElo "1792"]
[WhiteFideId "1453564"]
[BlackFideId "1454994"]
[EventDate "2025.04.28"]
[EventType "tourn"]
[EventRounds "7"]
[EventCountry "DEN"]
[SourceTitle "Skorping Skakklub"]

1. Nf3 b6 2. d4 Bb7 3. e3 e6 4. Be2 Nf6 5. c4 d5 6. Nbd2 Nbd7 7. b3 Bd6 8. Bb2 a5 9. Rc1 c5 10. O-O Qc7 11. h3 O-O 12. cxd5 Bxd5 13. Nc4 Be7 14. Nce5 Qb7 15. Nxd7 Nxd7 16. Ne5 Nxe5 17. dxe5 Bxg2 18. Re1 Rad8 19. Qc2 Bxh3 20. Kh2 Qg2# 0-1

[Event "Himmerlandsturneringen 2025 Basis1"]
[Site "Stovring"]
[Date "2025.05.26"]
[Round "7"]
[White "Stanislaus, Johann"]
[Black "Nielsen, Pia"]
[Result "1-0"]
[WhiteElo "1859"]
[BlackElo "1644"]
[WhiteFideId "1401971"]
[BlackFideId "1409700"]
[EventDate "2025.04.28"]
[EventType "tourn"]
[EventRounds "7"]
[EventCountry "DEN"]
[SourceTitle "Skorping Skakklub"]

1. e4 c6 2. d3 e5 3. Nf3 d6 4. h3 Be7 5. g4 Na6 6. c4 Nc7 7. d4 exd4 8. Nxd4 Nf6 9. Nc3 Ne6 10. Nf5 Nc5 11. Nxg7+ Kd7 12. e5 Nfe4 13. Be3 Qa5 14. Qc2 Kc7 15. a3 Nxc3 16. b4 Qa4 17. Qxc3 Ne4 18. Qd3 Ng5 19. Bxg5 Bf8 20. Ne8+ Kb8 21. Nxd6 a5 22. b5 Be6 23. Bg2 h5 24. Rb1 hxg4 25. bxc6 Bc8 26. cxb7 Qb4+ 27. Rxb4 axb4 28. bxc8=Q+ Ka7 29. Qb7# 1-0